Innovando con diseño : (Record no. 10829)

MARC details
000 -CABECERA
campo de control de longitud fija 01811nam a22003017a 4500
001 - NÚMERO DE CONTROL
campo de control BRCA_9210
003 - IDENTIFICADOR DEL NÚMERO DE CONTROL
campo de control FranzMayer
005 - FECHA Y HORA DE LA ÚLTIMA TRANSACCIÓN
campo de control 20230717132654.0
008 - DATOS DE LONGITUD FIJA--INFORMACIÓN GENERAL
campo de control de longitud fija 220720b |||||||| |||| 00| 0 eng d
020 ## - NÚMERO INTERNACIONAL ESTÁNDAR DEL LIBRO
Número Internacional Estándar del Libro 9786073021937
040 ## - FUENTE DE LA CATALOGACIÓN
Lengua de catalogación spa
Centro/agencia transcriptor MFM
041 ## - CÓDIGO DE LENGUA
Código de lengua del texto/banda sonora o título independiente spa
-- eng
050 ## - SIGNATURA TOPOGRÁFICA DE LA BIBLIOTECA DEL CONGRESO
Número de clasificación NC675.M49
Número de documento/Ítem I56 2019
245 ## - MENCIÓN DE TÍTULO
Título Innovando con diseño :
Resto del título Proyectos ganadores del Premio Nacional de Diseño: Diseña México 2016 : Diseña México 2017
246 00 - FORMA VARIANTE DE TÍTULO
Título propio/Titulo breve Innovando con diseño :
Resto del título Proyectos ganadores del Premio Nacional de Diseño: Diseña México 2017 : Diseña México 2016
260 ## - PUBLICACIÓN, DISTRIBUCIÓN, ETC.
Lugar de publicación, distribución, etc. México :
Nombre del editor, distribuidor, etc. Consejo Nacional de Ciencia y Tecnología,
Fecha de publicación, distribución, etc. 2019
260 ## - PUBLICACIÓN, DISTRIBUCIÓN, ETC.
Lugar de publicación, distribución, etc. México :
Nombre del editor, distribuidor, etc. Universidad Nacional Autónoma de México,
Fecha de publicación, distribución, etc. 2019
300 ## - DESCRIPCIÓN FÍSICA
Extensión 190 p. :
Otras características físicas il., fot. col. ;
Dimensiones 22 x 22 cm.
500 ## - NOTA GENERAL
Nota general Ubicación: L59-N5
500 ## - NOTA GENERAL
Nota general El ejemplar se divide en dos muestras, la primera parte trata de los Proyectos ganadores del 2016 y la segunda parte trata de los Proyectos ganadores del 2017
520 ## - SUMARIO, ETC.
Sumario, etc. La muestra de proyectos que aquí se presenta es un claro reflejo de lo que está aconteciendo en el diseño mexicano actual, el cual se encuentra en una etapa de crecimiento y maduración que apunta a lograr que nuestro país compita con su mayor riqueza, que no es otra que la creatividad de su gente. - Dr. Julio Frías Peña Presidente del Premio Nacional de Diseño: Diseña México, Coordinador del Programa de Posgrado en Artes y Diseño de la UNAM.
546 ## - NOTA DE LENGUA/LENGUAJE
Nota de lengua/lenguaje Inglés y Español: Tabla de contenido y contenido que presentaEspañol: Proyectos ganadores
650 ## - PUNTO DE ACCESO ADICIONAL DE MATERIA--TÉRMINO DE MATERIA
Término de materia o nombre geográfico como elemento de entrada Diseño
Subdivisión general Arte
-- Innovación
Subdivisión geográfica México
9 (RLIN) 28473
650 ## - PUNTO DE ACCESO ADICIONAL DE MATERIA--TÉRMINO DE MATERIA
Término de materia o nombre geográfico como elemento de entrada Diseñadores
Subdivisión de forma Exposición
Subdivisión general Premios
Subdivisión geográfica México
9 (RLIN) 28474
700 ## - PUNTO DE ACCESO ADICIONAL--NOMBRE DE PERSONA
Nombre de persona Julio Frías Peña
Término indicativo de función/relación compilador
9 (RLIN) 28472
942 ## - ELEMENTOS DE PUNTO DE ACCESO ADICIONAL (KOHA)
Fuente del sistema de clasificación o colocación Library of Congress Classification
Tipo de ítem Koha Libros
Holdings
Estado de retiro Estado de pérdida Fuente del sistema de clasificación o colocación Estado dañado No para préstamo Localización permanente Ubicación/localización actual Fecha de adquisición Total de préstamos Signatura topográfica completa Código de barras Fecha visto por última vez Precio válido a partir de Tipo de ítem Koha Código de colección Fuente de adquisición Número de copia
El ejemplar forma parte de la colección y puede ser consultado según las políticas vigentes.   Library of Congress Classification     Biblioteca del Museo Franz Mayer (Rogerio Casas-Alatriste) Biblioteca del Museo Franz Mayer (Rogerio Casas-Alatriste) 21/07/2022   NC675.M49 I56 2019 CONT9990 21/07/2022 21/07/2022 Libros      
El ejemplar forma parte de la colección y puede ser consultado según las políticas vigentes.   Library of Congress Classification     Biblioteca del Museo Franz Mayer (Rogerio Casas-Alatriste) Biblioteca del Museo Franz Mayer (Rogerio Casas-Alatriste) 17/07/2023   NC675.M49 I56 2019 CONT10064 17/07/2023 17/07/2023 Libros Fondo Contemporáneo Donación 1
El ejemplar forma parte de la colección y puede ser consultado según las políticas vigentes.   Library of Congress Classification     Biblioteca del Museo Franz Mayer (Rogerio Casas-Alatriste) Biblioteca del Museo Franz Mayer (Rogerio Casas-Alatriste) 17/07/2023   NC675.M49 I56 2019 CONT10065 17/07/2023 17/07/2023 Libros Fondo Contemporáneo Donación 2